impossible quiz - Statistics

General Stats
  • This quiz has been taken 39 times
  • The average score is 3 of 5
Answer Stats
Question Answer % Correct
can a can box? No, but a tin can!!
88%
what is the name of the person whose cat was used to explain the uncertainty principle schrodinger
88%
if zoology is the study of animals what is formicology? ants
56%
what is 67 in base 67? 67
26%
last one the hardest and my favourite!!! What is a vegetable alkaloid, and what is its effect on the body. (sherlock holmes readers will know this) death
21%
No matching quizzes found
Score Distribution
Percent of People with Each Score
Percentile by Number Answered
Your Score History
You have not taken this quiz